|
|
|
|
| LEADER |
00000nab a2200000 ar4500 |
| 001 |
vtls008410864 |
| 003 |
SK-MaSNL |
| 005 |
20260303070150.0 |
| 008 |
051122c2005 xo wr|p|||||||000 b|slo |
| 015 |
|
|
|a SNBRB2005/11
|2 snkbucl
|
| 038 |
|
|
|a SNKBUCL
|
| 040 |
|
|
|a SNKBUCL
|b slo
|c SNKBUCL
|e AACR2
|
| 041 |
0 |
|
|a slo
|
| 044 |
|
|
|a xo
|c SK
|
| 080 |
|
|
|a 82.09:821.133.1-31
|2 UDC-MRF-SK2
|
| 080 |
|
|
|a 821.133.1-31
|2 UDC-MRF-SK2
|
| 100 |
1 |
|
|a Jílek, Peter F.'Rius,
|d 1983-
|4 aut
|9 361073
|
| 245 |
1 |
0 |
|a Román-šansón
|c Peter F. Jílek
|
| 300 |
|
|
|b Obr.
|
| 650 |
0 |
7 |
|a spoločenské romány, francúzske
|x recenzie
|2 snkbucl
|9 1052162
|
| 655 |
|
7 |
|a recenzie
|2 snkbucl
|9 21907
|
| 773 |
0 |
|
|t Slovo. Spoločensko-politický týždenník
|g Roč. VII, č. 33-34 (2005), s. 21
|x 1335-468X
|
| 787 |
0 |
8 |
|i Rec.:
|a Germain, Sylvie, 1954-
|t Pieseň neláskavých
|d Bratislava : Slovart, 2005
|z 8080850089
|
| 852 |
|
|
|a SNK
|b KIS3GCP
|
| 958 |
|
|
|a FR
|
| 958 |
|
|
|a RC
|
| 958 |
|
|
|a LX
|
| 999 |
|
|
|c 1754216
|d 1756146
|